| 000 | 01084cac a22002651u 4500 | ||
|---|---|---|---|
| 090 | _c7196 | ||
| 008 | 081103t2000 xxu||||| |||| 00| 0 eng d | ||
| 010 | _a 99032954 | ||
| 020 | _a0849303362 (alk. paper) | ||
| 082 | 0 | 0 |
_a003 _bPRO |
| 100 | _aPronzato, Luc, | ||
| 245 | 1 | 0 |
_aDynamical search : _bapplications of dynamical systems in search and optimization : interdisciplinary statistics / _cLuc Pronzato, Henry P. Wynn, Anatoly A. Zhigljavsky. |
| 260 |
_aBoca Raton : _bCRC Press, _cc2000. |
||
| 300 |
_a221 p. : _bill. ; _c24 cm. |
||
| 500 | _adistributer: Al-Ahram | ||
| 504 | _aIncludes bibliographical references (p. [211]-215) and indexes. | ||
| 511 | _acatalogued by: wessam | ||
| 650 | 0 | _aSearch theory. | |
| 650 | 0 | _aDifferentiable dynamical systems. | |
| 700 | 1 | _aWynn, Henry P. | |
| 700 | 1 |
_aZhigliï¸ a︡vskiĭ, A. A. _q(Anatoliĭ Aleksandrovich) |
|
| 856 | 4 | 2 |
_3Publisher description _uhttp://www.loc.gov/catdir/enhancements/fy0744/99032954-d.html |
| 942 |
_cBB _k003PRO _2ddc |
||
| 999 |
_c7196 _d7196 |
||